000 00930nas a2200313 4500
001 BR8300674
003 BR-BrBNA
005 20231205085431.0
007 ta
008 230509b bl.|||p| |||| 00| 00por d
040 _aBR-BrBNA
_bpor
_cBiblioteca Nacional de Agricultura
041 _a(Pt)
072 _aL30
100 1 _aLeme, P.R.
100 1 _aYoshino, J.J.
100 1 _aNardon, R.F.
245 1 _aTorta de filtro, bagaco de cana e vinhaca na alimentacao de bovinos em confinamento
246 1 _aFilter mud, sugar cane bagasse and molasses solubles in feedlot rations
650 _aBOVINO
650 _aRACAO
650 _aCANA DE ACUCAR
650 _aTORTA DE FILTRO
650 _aBAGACO
650 _aVINHACA
650 _aCONFINAMENTO
773 0 _tZootecnia (Brazil)
_xISSN 0044-5320
_g(Oct 1982), v. 20(4) p. 205-217
_wBR8300674
909 _a202311
_bLúcia
_c55
_dLúcia Elande
942 _2AGRIS
_n0
_cANA
999 _c111422
_d111422